[Event "II Star Palmyra Open"]
[Site "Odessa UKR"]
[Date "2004.08.05"]
[Round "2"]
[White "Golubev, Mikhail"]
[Black "Poluektov, Yury"]
[Result "1-0"]
[WhiteElo "2531"]
[BlackElo "2280"]
[Annotator "GM Mikhail Golubev"]
[PlyCount "73"]
[EventDate "2004.08.04"]
[Source "Chess Today"]
[SourceDate "2004.08.06"]

1. e4 e6 2. d4 d5 3. Nc3 Nf6 4. Bg5 Bb4 5. e5 h6 6. Be3 $5 (
{O trabalho de
comentarista pode ajudar a enriquecer o repertorio de abertura. No passado eu
sempre jogava} 
6. Bd2) 6... Ne4 7. Qg4 Kf8 8. a3 (
{
Depois de gastar algum tempo pensando em} 8. Bd3 {eu percebi que apos}
8... Nxc3 9. a3 Ba5 10. Bd2 c5
{
a partida assumiria posicoes que eu nao queria jogar.}) 8... Bxc3+ 9. bxc3
Nxc3 10. Bd3 c5 $6
{No tabuleiro tudo parece muito diferente: eu nao
compreendi o motivo que leva as pretas a sempre usarem este ilogico contra
sacrificio. (Agora eu vejo que GM Volkov recentemente jogou 10...Bd7!? - as
brancas devem trabalhar duro para provar sua compensacao aqui!)}
11. dxc5 Nc6 12. Nf3 Qa5 (12... f5 13. Qh5 $1
{Goloshchapov-Volkov, Istambul 2003}) 13. O-O Qa4 14. Qxa4 (
{Era possivel evitar a troca, mas eu estava satisfeito com o
final. Meu banco de dados mostra que as brancas ganharam uma complicada
partida, Sirve-Toppari, Finlandia 1999 que seguiu} 
14. Qh5 Bd7 15. Ng5 Be8 16. Nh7+ Ke7 17. f4 Ne4 18. Rab1 {, etc.}) 14... Nxa4
15. Rab1 $14 ({Talvez
} 15. Bb5 Nc3 16. Bxc6 bxc6 17. Nd4 Ba6
{
nao ofereca perigo para as pretas.}) 15... a6 $5 16. Rfc1 (16. c4 d4)
16... Ke7 ({A seguinte linha foi inteiramente citada por Fritz:} 16... g5
17. h3 f6 18. exf6 e5 19. c3 $5 e4 20. Be2 exf3 21. Bxf3 Ne5 22. Bd1 Bd7
23. Rxb7 {
(com boa compensacao).}) 17. c3 $1 ({Apos} 17. c4 d4 $1 18. Nxd4
Nxd4 $1 ({nao} 18... Nxe5 19. Be2 $5 Nxc5 20. Nf5+) 19. Bxd4 Rd8 20. Bc2 Rxd4
21. Bxa4 Re4 $1 22. c6 Ra7
{
eu nao consigo ver nenhuma vantagem real para as brancas.}) 17... Rd8 (
{
Uma ideia totalmente otimista e} 17... Bd7 18. Rxb7 Rhb8 19. Rxb8 Rxb8
20. Bxa6 Rb3 {(+/-)}) 18. Be2 (18. Bd4 $5) 18... Rb8 $2 (
{
Era necessario resolver o problema com o Rei imediatamente - por meio de} 
18... Nxc3 $1 19. Rxc3 d4 20. Nxd4 Nxd4 $14 {com posicao defensavel}) (
{mas nao
} 18... Bd7 $2 19. Bd1 Na5 20. Rb4 $18) 19. Bd1 ({Talvez} 19. h3 $5
{
tambem fosse bom, com a ideia} 19... Nxc3 20. Rxc3 d4 21. Nxd4 Nxd4 22. Bxd4
Rxd4 23. Bxa6 $16) 19... Nxc3 20. Rxc3 d4 21. Nxd4 Nxd4 22. c6 $1 Nxc6 23. Bc5+
Ke8 24. Bd6 $16 {A vida preta esta extremamente dificil.} 24... Ra8 25. Rg3 $5
g6 26. Rh3 h5 (26... f6 27. f4 $5 (27. Rxh6 $16)) 27. g4 hxg4 28. Bxg4 f5
29. Bf3 Kf7 30. Bxc6 $5 (30. Rh7+ Kg8 31. Rc7 Nd4 32. Bxb7 Rb8) 30... bxc6
31. Rh7+ Kg8 32. Re7 Rd7 (32... g5 33. Rb6 $5 (33. Rb3 g4 34. h3 Rd7)) 33. Rxe6
Kg7 ({Ou} 33... Kf7 34. Rf6+ Kg7 35. Bf8+ $16 {seguido de e6.
}) 34. Rb3 $138 (
{Algo como} 34. f4 $5 {possivelmente era mais forte.}) 34... Rf7 $2 $138 (
34... Rda7 $1 35. Re8 Kf7 $1 {
e a tarefa branca ainda nao esta facil.})
35. Re8 $18 Bb7 36. Rxa8 Bxa8 37. Rb8
{O Bispo esta perdido, por isso as pretas abandonaram.} 1-0

[Event "Match Rapido"]
[Site "Mainz GER"]
[Date "2004.08.07"]
[Round "6"]
[White "Anand, V."]
[Black "Shirov, A."]
[Result "1-0"]
[WhiteElo "2782"]
[BlackElo "2725"]
[Annotator "MI Vladimir Barsky"]
[PlyCount "59"]
[EventDate "2004.08.05"]
[Source "Chess Today"]
[SourceDate "2004.08.08"]

1. e4 e5 2. Nf3 Nc6 3. Bb5 a6 4. Ba4 Nf6 5. O-O Be7 6. Re1 b5 7. Bb3 O-O 8. h3
{Atualmente os jogadores tem se esforcado para evitar o Ataque Marshall.}
8... Bb7 9. d3 d6 10. a3 Qd7 (
{As pretas possuem outras opcoes aqui. Nesta posicao,
Anand jogou com as pretas o lance} 
10... Na5) ({e tambem} 10... Nb8) ({
igualmente popular e} 10... Re8) 11. Nc3
Nd8 12. d4 (12. Ne2 Ne6 13. Ng3 g6 14. Bh6 Rfe8 15. Ng5 Bf8 16. Bxf8 Rxf8
17. Nxe6 fxe6 18. Qd2 c5 $132 {
Gelfand,B-Shirov,A/ECC, Rethymnon GRE 2003})
12... exd4 13. Nxd4 Re8 14. Nf5 (14. Bg5 Nxe4 $4 (14... Ne6) 15. Nxe4 Bxe4
16. Rxe4 Bxg5 17. Qg4 {
1-0 Svidler,P-Almasi,Z/Bundesliga 2003 (17)})
14... Bf8 $2
{Isto e uma
, mas de baixa qualidade. Eu suspeito que Alexei simplesmente se confundiu com
as linhas. Porque ele joga esta posicao com as brancas e com as pretas e deve
conhece-la muito bem.} (
14... Ne6 15. Qf3 (15. Bd5 Nxd5 16. exd5 Nc5 17. Qg4 Bf6 18. Ne4 Rxe4 19. Rxe4
h5 20. Nh6+ Kf8 21. Qxd7 Nxd7 22. Nf5 Bxd5 $11
{Svidler,P-Shirov,A/GpB, Cap D'Agde FRA 2003}) 15... c5 16. Be3 c4 17. Ba2 Rac8
18. Rad1 Bf8 19. Nd5 Nxd5 20. exd5 Nc5 $132
{
Shirov,A-Ivanchuk,V/Amber Blindfold, Monte Carlo MNC 2003}) 15. Bg5 $1 $16
{
Esta e a refutacao. Alem disso, e a principal linha na avaliacao do programa
Fritz.}
15... Bxe4 ({Tambem era mau} 15... Rxe4 16. Nxe4 Nxe4 (16... Qxf5 17. Nxf6+
gxf6 18. Be3 $18) 17. Qg4 Ne6 18. Rxe4 h5 19. Qe2 Nxg5 20. Ne7+ $18) 16. Nxe4
Rxe4 17. Rxe4 Qxf5 (17... Nxe4 18. Qg4 $18 Qc6 19. Bxd8 Rxd8 20. Nh6+ Kh8
21. Nxf7+) 18. Bxf6 Qxe4 (18... Qxf6 19. c3 $18) 19. Bd5 Qf4 20. Bxa8 Qxf6
21. c3 $1
{Um lance bem calculado. As pretas nao tem forca
suficiente para ganhar o Bispo no canto do tabuleiro.}
21... c6 22. Qd4 Qe6 23. Qb6 Qc8 24. Re1 Qd7 (24... Qxa8 25. Re8 $18) 25. Qxa6
$18 d5 26. a4 bxa4 27. Qxa4 g6 28. Rd1 Bc5 29. b4 Bb6 30. c4
{As pretas abandonaram.} 1-0

[Event "Montreal international"]
[Site "?"]
[Date "2004.??.??"]
[Round "3"]
[White "Moiseenko, Alexander"]
[Black "Novikov, Igor"]
[Result "1-0"]
[WhiteElo "2640"]
[BlackElo "2610"]
[Annotator "MI Maxim Notkin"]
[PlyCount "59"]
[EventDate "2004.??.??"]
[Source "Chess Today"]
[SourceDate "2004.08.09"]

1. d4 d5 2. c4 e6 3. Nc3 c6 4. e3 Nf6 5. Nf3 Nbd7 6. Bd3 dxc4 7. Bxc4 b5
8. Bd3 Bb7 (8... a6 {abre um outro capitulo do "Livro Merano".}) 9. O-O
{
Ja que a7-a6 nao foi jogado e c6-c5 nao e possivel agora, as brancas tem tempo
para rocar.}
9... b4 10. Ne4 Be7 11. Nxf6+ Nxf6 12. e4 O-O (
{
As pretas podem lancar-se ao contra jogo imediatamente por meio de} 12... c5
{
ignorando o fato de o Rei ter que permanecer no centro apos o xeque em b5 ou
a4. Este lance e muito menos popular que a continuacao da partida, embora os
resultados pretos nao sejam tao maus.})
13. e5 ({Para} 13. Qe2 {
as pretas respondem} 13... c5 14. dxc5 Nd7 $1 ({nao} 
14... Bxc5 $2 15. e5 Nd7 16. Bxh7+) 15. c6 $5 Bxc6 16. Be3 Bb7
{
com posicao aproximadamente igual.}) 13... Nd7 14. Be4
{Uma parte essencial do
plano branco. Devem ser colocados obstaculos para evitar o avanco c6-c5.}
14... Rb8 {As pretas protegem o Bispo, renovando a ideia de c6-c5.} (
{Usar a Dama
com esta mesma finalidade significa enfraquecer a ala do rei. No caso de} 
14... Qb6 15. Bg5 Bxg5 $2 (15... Rfe8) 16. Bxh7+ $1 Kxh7 17. Nxg5+ Kg6 18. Qg4
f5 19. Qg3
{
(Grigorian - Dobosz, Ierevan 1980) E as brancas conseguem um perigoso ataque}) (
{na partida Jakobsen - Novikov, Arhus 1991 foi jogado} 14... Rc8
{e as pretas
ganharam, mas nao gracas aos resultados da abertura. Desta vez Novikov opta
pela linha geral...})
15. a3 {Uma melhora do seculo 21.} (
{
Antes as brancas tentavam surpreender o contra jogo preto com} 15. Qc2 h6
16. Be3
{mas a partida Beliavsky - Anand, Reggio Emilia 1991 demonstrou o
caminho para a igualdade -}
16... c5 $1 17. Bxb7 Rxb7 18. dxc5 Nxc5 $1 {
e se} 19. Bxc5 Qc8 20. Rac1 Rc7
{recuperando a peca. Algumas tentativas
foram feitas para tentar explorar a ligeira vantagem de desenvolvimento das
brancas por meio de 18.Tfd1 e algumas vitorias foram obtidas pelos fortes
jogadores Gelfand, Karpov, no entanto isto nao muda a avalilacao da posicao. E
depois Vadim Milov apareceu com a sua novidade teorica.})
15... bxa3 ({Se} 15... c5 16. Bxb7 Rxb7 17. d5 $14
{as brancas possuem iniciativa no centro}) ({
a posicao apos} 15... a5
{apareceu (com alteracao na ordem de lances) na
partida Gavrilov - Novikov, a qual as brancas ganharam. Milov sugere}
16. axb4 axb4 17. Be3 c5 18. Bxb7 Rxb7 19. d5 exd5 20. Qxd5 Qb6 21. Nd2
{
com vantagem para as brancas.}) 16. b4 $1
{Ja e bem sabido que nestas posicoes
apos b4xa3 as brancas estao forcadas a tomar em a3 com o Peao. Avancar o Peao
b e capturar com o Bispo favorece mais as brancas que podem explorar a
fraqueza de a7. Entretanto, para esta finalidade geralmente se aplica b2-b3. O
lance do texto e muito mais forte porque impede o avanco do Peao c das pretas.}
16... a5 $2 ({Evidentemente o lance} 16... Bxb4 $2 {e respondido por} 17. Bxh7+) (
{as pretas possuem uma solucao radical para os problemas de sua ala do rei,
testada com sucesso nas partidas Khalifman - Bareev, Dortmund 2000 e Tkachiev
- Fressinet, Enghien-le-Bain 2001 -} 
16... f5 $5 17. Bd3 Nb6 18. Bxa3 Nd5) (16... h6 $5
{
, jogado na partida Avrukh - Vera, Istambul 2000 e digno de consideracao e apos
}
17. Bb1 $5 {as pretas devem se aventurar com} (17. Bxa3 c5 18. Bxb7 cxb4 $1)
17... Bxb4 18. Qd3 f5) 17. bxa5 Qxa5 18. Bxa3 $1
{Tudo isso ocor
reu em Essen (2000) no torneio Julian Borowski na partida Milov - Hansen. Mas
a ideia central de Milov foi revelada alguns meses depois na Olimpiada de
Istambul.} (
{A tentativa} 18. Bxh7+ $2 Kxh7 19. Rxa3 {
nao funciona por causa de}
19... Bxa3 20. Ng5+ Kh6 $1) 18... Bxa3 $2 (
{
Hansen sentiu o cheiro do perigo e jogou} 18... Qd8 19. Bxe7 Qxe7 20. Ra7
{
A partida acabou empatada, mas esta posicao esta claramente melhor para as
brancas.})
19. Bxh7+ $1
{Kasimdzhanov estava ciente desta nova ideia de
abertura e teve a chance de utiliza-la contra o canadense GM Lesiege que
obviamente nao incluiu a partida Milov - Hansen em sua preparacao. Ha algo
mistico no fato de outro forte grande mestre ter sofrido o mesmo desastre em
Montreal. E possivel que o Canada seja uma zona da morte para esta combinacao.}
19... Kxh7 20. Ng5+ Kg6 (20... Kg8 {perde para} 21. Qh5 Rfe8 22. Qxf7+ Kh8
23. Nxe6) ({e} 20... Kh6 21. Qd3 {nao muda nada.}) 21. Qd3+ $1 f5 ({Para} 
21... Kxg5 {Milov sugere a linha} 22. f4+ Kh6 23. Qh3+ Kg6 24. f5+ exf5 25. Rf3
$5 (25. Rxf5 Nf6 $8 26. Raf1 $1 {tambem ganha}) 25... f6 26. Rxf5 Rh8 27. Qg4+
Kf7 28. e6+ {ganhando a Dama}) 22. Nxe6 (
{
Van der Stricht contra Marechal (Belgica 2002) escolheu} 22. Rxa3 {e apos}
22... Qd5 23. Qg3 f4 24. Qh4 {as pretas podem virar a mesa com} (24. Qg4 Nf6 $1)
24... Nxe5 $1 ({a partida seguiu} 24... Nf6 $2 25. Nh3 $1 Ne4 26. Nxf4+ Rxf4
27. Qxf4 Qxd4 $2 28. Qg4+ Kf7 29. Rf3+ Ke8 30. Qxg7 {
e as pretas abandonaram})
25. Qh7+ Kf6 $1 ({nao} 25... Kxg5 $2 26. Qxg7+ Ng6 27. h4+ Kf5 28. g4+ $1))
22... Ra8 (
{
Comentando a partida Kasimdzhanov - Lesiege, Christopher Lutz apontou} 
22... Rfe8
{como o lance mais teimoso, mas que mesmo assim nao consegue salvar as
pretas da destruicao -}
23. Rxa3 Qb4 24. Nf4+ Kh7 25. Rb1 Qe7 26. Ra7 Nxe5 27. Qxf5+ Kg8 28. dxe5 Qxe5
29. Qxe5 Rxe5 30. h4 $18) 23. Rfb1 Rfb8 (
{
Na partida Kasimdzhanov - Lesiege foi jogado} 23... Bc8 24. Rb3
{
e as pretas abandonaram.}) 24. Nf4+ Kf7 25. Qxf5+ Ke7 26. Qe6+ Kd8 (
26... Kf8 27. Ng6#) 27. Qg8+ Nf8 (27... Ke7 28. Ng6#
{
e mais original do que o mate do comentario anterior}) (
{
outra bela construcao aparece apos} 27... Kc7 28. Ne6#) 28. Ne6+ Kc8
29. Nxf8 Qd8 30. Rxa3 $1 {Eliminando o defensor da casa e7.} ({Apos} 30. Rxa3
{
as pretas abandonaram em vista de} 30... Rxa3 31. Qe6+ Kc7 32. Qf7+ $1 Kc8
{(nao ha De7)} 33. Qf5+ Kc7 34. Ne6+) 1-0

[Event "II Star Palmyra Open"]
[Site "Odessa UKR"]
[Date "2004.08.09"]
[Round "5"]
[White "Golubev, Mikhail"]
[Black "Fingerov, Dmitry"]
[Result "1-0"]
[WhiteElo "2531"]
[BlackElo "2349"]
[Annotator "GM Mikhail Golubev"]
[PlyCount "79"]
[EventDate "2004.08.04"]

1. e4 e5 2. Nf3 Nf6 3. d4 exd4 (3... Nxe4 $142) 4. e5 Ne4 5. Qxd4 d5 6. exd6
Nxd6 7. Nc3 Nc6 8. Qf4 Bf5 ({Outras ideias sao} 8... g6) ({e} 8... Nf5
{
, introduzido em Kasparov-Karpov, 1990.}) 9. Bb5 $1 $14
{Um lance de Chigorin.} 9... Be7 ({A linha principal e} 9... Qe7+ 10. Be3 (
10. Kf1 $5) 10... Nxb5 11. Nxb5 Qb4+ 12. Qxb4 Bxb4+ 13. c3 Bd6 $14 (13... Ba5
$143 14. b4 Bd3 15. a4 a6 16. Nbd4 $1)) (9... Bd7 $5) (9... Nxb5 $2 10. Nxb5
Qe7+ 11. Kf1 $1 $18) 10. Bxc6+ (10. Be3 Bf6 $1 {Sax}) ({Bastante confuso e} 
10. Ne5 Nxb5 11. Nxb5 Nxe5 12. Qxe5 Bxc2 $13) 10... bxc6 11. Ne5 Bxc2 (
11... O-O 12. Nxc6 Qe8 13. Nxe7+ Qxe7+ 14. Be3 Bxc2 15. Rc1 $1 (15. O-O)
15... Bd3 16. Nd5 $36 {
Sax-Yusupov, Rotterdam 1988}) 12. O-O (12. Be3 Bf6 $5) (
12. Nxc6 $5 Qd7 13. Nxe7 Qxe7+ 14. Be3
{e aqui 14...0-0 transpoe para Sax-Yusupov.}) 12... O-O 13. Nxc6 (
{Mais fraco e} 13. Re1 $6 Re8 14. Nxc6 $140 Bg5 $1) 13... Qd7 14. Nxe7+ (
14. Nd5 $6 Bd8) 14... Qxe7 15. b3 (
{Para ser honesto
, eu nao vi que apos 15...Bd3 as pretas podem retornar o Bispo ao jogo.
Possivelmente, o natural} 
15. Be3 $36 {era mais forte. Porem eu creio que} 15... Nf5 $5 16. Rac1 $140
Nxe3 17. Rfe1 Bg6 18. Rxe3 Qd6 $14 {
nao pode ser tao mau para as pretas.})
15... Bd3 (15... Qe6 $5) 16. Rd1 ({
Melhor era} 16. Nd5 $1
{, e as pretas nao dispoem do recurso ...De7-e6-e7.}) 16... Bc2 17. Nd5 (
{Nao era tarde para jogar} 17. Rf1 $142 Bd3 18. Nd5 $1) 17... Qe4 (17... Qe2
18. Rf1 $36) (17... Qe6 $142 $1 18. Nxc7 Qe7 $1 $14
{e as pretas devem ter razoaveis chances de empate} 19. Nxa8 ({ou} 19. Qxd6
Rad8 20. Bg5 $14 Qxg5 $140 21. Rd5) (19. Nd5 Qe6) 19... Bxd1 20. Bd2 $5 Bc2
21. Bb4 Rxa8 {, etc.}) 18. Qxe4 Nxe4 19. Re1 c5 $6 (19... Rfd8 $142 20. Nb4
$140 (20. Ne7+ $5) 20... Bd3) 20. f3 $16
{
O resto foi jogado no apuro de tempo das pretas.} 20... Nd6 (20... Nf6 $5)
21. Ba3 Rfd8 22. Rac1 Nb5 23. Ne7+ Kh8 24. Bxc5 Bg6 25. a4 Nc7 ({Ou} 25... Nd4
26. Bxd4 Rxd4 27. Rc8+ Rxc8 28. Nxc8 h6 29. Nxa7 Rb4 30. Re3 Bc2 31. Nc6 Rxb3
32. Rxb3 Bxb3 33. a5 $18) 26. Nxg6+ hxg6 27. Re7 Ne6 28. Bxa7 Nf4 29. Rc4 Rd1+
30. Kf2 Nd5 31. Rxf7 Re8 32. Rd4 Nc3 ({Eu esperava por} 32... Ree1 33. Rf8+ Kh7
34. Rh4#) 33. Rxd1 Nxd1+ 34. Kg3 Kg8 35. Rc7 Re2 36. Bd4 Rd2 37. Rxg7+ Kf8
38. Rd7 Ke8 39. Rd6 Kf7 40. Bc5 1-0

[Event "Campeonato Britanico"]
[Site "Scarborough ENG"]
[Date "2004.08.11"]
[Round "9"]
[White "Williams, Si"]
[Black "Arakhamia, K."]
[Result "1-0"]
[WhiteElo "2427"]
[BlackElo "2446"]
[Annotator "MI Maxim Notkin"]
[PlyCount "71"]
[EventDate "2004.08.02"]
[Source "Chess Today"]
[SourceDate "2004.08.13"]

1. e4 c5 2. a3 e6 (
{
A escolha das pretas e uma questao de gosto. Qualquer lance natural e bom -} 
2... Nc6) (2... Nf6) ({ou} 2... g6) 3. b4 cxb4 4. axb4 Bxb4
{Dentre os jog
adores que usaram esta linha estao Capablanca, Alekhine, Marshall e Keres.
Verdade e que eles sempre atingiram esta posicao apos uma outra ordem de
lances: 2.b4 cxb4 3.a3 e6 4.axb4 Bxb4 e como regra geral eles utilizaram esta
linha em simultaneas ou partidas casuais.}
5. Bb2 (
{A partida Marshall -
Tarrasch, San Sebastian 1912 tomou um rumo parecido com o Gambito Evans} 
5. c3 Be7 6. d4 d6 7. Nf3 Nc6 8. Be3 b6 9. Bb5 Bd7 10. d5 exd5 11. exd5 Na5
12. Na3 Nf6 13. O-O O-O 14. Re1 Re8 15. Bd3 {e aqui apos} 15... Nb7
{a compensacao
das brancas e questionavel. Eu creio que o jogo de ambos os lados pode ser
melhorado.})
5... Nf6 6. e5 Nd5 7. c4 ({
Em Razinger - Eliskases, Ebensee 1933 depois de} 
7. Qg4 O-O 8. Bd3 Nc6 9. Nf3 f5 10. exf6 Nxf6 11. Qh4 e5 12. O-O d6 13. Ng5 h6
14. Ne4 Bf5
{
as pretas completaram o desenvolvimento e entao converteram o Peao extra em
vitoria. Williams encontrou uma boa ideia.})
7... Ne7 8. Na3 $5
{As brancas
rem se livrar da influencia do Bispo preto com o intuito de construir um forte
centro de Peoes por meio de d2-d4.}
8... Nbc6 ({No caso de} 8... O-O 9. Nc2 Ba5 ({ou} 9... Bc5 10. d4 Bb6 11. Bd3)
10. Qh5 {
as brancas possuem iniciativa na ala do rei.}) 9. Nc2 Ba5 10. Ra3 $5
{
David Bronstein jogava com frequeencia o gambito b2-b4 contra computadores e
esta manobra de Torre era uma de suas favoritas.}
10... Bc7 ({Era possivel} 10... O-O
{e o ataque branco nao funciona, por exemplo,} 11. Qh5 (11. Rh3 d6 $1 12. Qh5
h6 13. exd6 Qxd6 14. Nf3 Rd8 {e o Rei branco esta em perigo
}) 11... Qb6
12. Rh3 h6) 11. Qa1 {Protegendo o Peao central.} 11... b6 12. Rg3 $6
{Este lance diverte, mas atualmente ele e muito artificial.} ({
Melhor era} 
12. Nf3 Bb7 {e aqui} 13. h4 $5 {merece atencao} ({o simples} 13. Be2
{seria retrucado por} 13... Ng6 14. O-O Nf4)) 12... Nf5 13. Rh3 Bb7 14. Nf3
Nce7 $1 {
Decidir a posicao do Rei agora ajudaria os planos do oponente.}
15. Bd3 d5 ({
Interessante e} 15... g5 $5
{ao qual a unica resposta suficiente e} 16. Rh5 $1
{com posicao complicada, por exemplo,} (16. Nxg5 Bxg2) (16. g4 Nh4) 16... h6
17. Ne3 Ng7 18. Rh3 {Planejando Cg4-f6}) ({forte era} 15... Ng6 $1 16. Bxf5
exf5 17. e6 f6 {com um excelente jogo.}) 16. exd6 Qxd6 17. Bxf5 Nxf5 (
{Era possivel} 17... Bxf3 18. Rxf3 Nxf5 19. Bxg7 Rg8) 18. Ne5 $6 (
{Depois da captura em g7 as brancas estao inferiores -} 18. Bxg7 Rg8 19. Be5
Qc5 $1 20. Bxc7 Rxg2 $1 21. Nfd4 Nxd4 22. Nxd4 ({
ou} 22. Qxd4 Qxd4 23. Nxd4
Rg4 24. Rf1 Rxd4
{
e os Bispos de cores opostas nao resolvem todos os problemas brancos})
22... Qxc7 23. Nxe6 $5 Qxc4 $1 24. Rc3 Qxe6+ (24... Qh4 $1 25. Nc7+ Kf8
{
pode ser ate mesmo mais forte}) 25. Re3 Be4 26. d3 f5 27. dxe4 f4 $17
{
No entanto apos o lance da partida as pretas poderiam ter conseguido uma
posicao quase ganha.})
18... O-O-O $2 ({As brancas contavam com o erroneo} 18... Bxg2 $2 19. Qa4+ Kf8
20. Ba3 Kg8 (20... Bxh3 21. Qd7 $1 {ganhando no ato}) 21. Bxd6 Bxd6 22. Rd3
Bxh1 23. Qd7 Be7 (23... Bxe5 $4 24. Qd8+) 24. Ne3 $18) ({Entretanto apos} 
18... O-O $1 {
as brancas estao estrategicamente perdidas, por exemplo,}
19. Rd3 (19. O-O Qxd2) 19... Qc5 {e} 20. Nd7 {e respondido por} 20... Qxc4)
19. O-O f6 ({No caso de
} 19... Qxd2 20. Ne3) ({ou} 19... Qe7 20. d4
{
as brancas possuem compensacao pelo material.}) 20. Nf7 Qc6 21. Ne1 $1 (
{
Talvez Arakhamia nao percebeu esta despretensiosa retirada do Cavalo, levando
em conta principalmente} 
21. f3 Rxd2 22. Nxh8 Rxc2) 21... Rxd2 $2 ({
Apos o prudente} 21... a6) (
{ou o mais arriscado} 21... Qxc4 22. Nxh8 Rxh8 23. Rc3 Qf4 24. g3 Qxd2 25. Nf3
Qd5 26. Rd1 Qa5 27. Qc1 b5 {
as pretas possuem compensacao pela qualidade.})
22. Nxh8 Re2 23. Nf3 $1 ({
Depois de} 23. f3 $2 Qc5+ 24. Kh1 Qxc4 25. Rg1 (
25. Qc1 $5 Ba6 $44) 25... Qf4
{as brancas devem empatar por repeticao de lances} 26. Rf1 ({pois} 26. Qc1 $4
{perde para} 26... Qxh2+ $1 27. Rxh2 Ng3#)) 23... Qe8 24. Re1 $6 (
{
O que fazer apos o lance} 24. Rxh7 $1
{das brancas? Parece que as pretas nao
possuem ameacas reais. Agora a posicao torna-se confusa novamente})
24... Rxe1+ 25. Qxe1 h5 26. Nh4 Nxh4 27. Rxh4 e5 $1 ({No caso de} 27... Qxh8
28. Qxe6+ Kb8 29. Rd4
{as brancas conseguem uma clara superioridade devido a
centralizacao de suas pecas.})
28. f4 Qxh8 29. fxe5 g5 $2 {
Um erro decisivo.} ({Com} 29... fxe5 30. Bxe5 Qe8
{
as pretas poderiam ter trocado as Damas e no final que surge apos} 31. Bc3
Qxe1+ 32. Bxe1 g6 {a sua posicao ficaria defensavel.}) 30. exf6 $1
{
Este e o fim.} 30... Bd6 (30... gxh4 31. f7) 31. Qe6+ Kc7 32. Be5 Bxe5
33. Qxe5+ Kc8 34. Qe6+ Kb8 35. Rd4 Qf8 36. f7 1-0